000
00321 a2200109 4500
001
ART_40263
005
20260410161740.0
008
260409a
245
1
0
_a
Presunciones en materia de seguridad social
100
1
_a
Condoleo, Roberto O.
773
0
_t
Doctrina laboral
_g
- NÂș 340 (dic. 2013)
_w
REV4049
999
_c
18685
_d
18685